000 00487nam a22001697a 4500
005 20251108165452.0
008 250721s1987 xx 000 0 ara d
082 1 4 _a796.323/جوا
100 1 _aعبد الجواد، حسن
245 1 0 _aكرة السلة :
_bالمبادىء الأساسية /
250 _aط.6.
264 1 _aبيروت :
_bدار العلم للملايين،
_c1987.
300 _a160ص.
650 1 7 _aكرة السلة
942 _2ddc
_cBK
999 _c28663
_d28663